Teoría y práctica para un sistema mínimo de automatización habitacional asistido por computadora

Presenta el control automático de una casa de habitación por computadora, específicamente en el control de distintos componentes de una casa tales como aparatos eléctricos. Se pretende mostrar como a través de una computadora se logra encender y apagar distintos elementos comunes inmersos en un...

Full description

Bibliographic Details
Main Author: Baltodano Baltodano, Cristian Federic
Other Authors: Tutor: Zepeda Palacios, Humberto Francisco
Format: Tesis Section = Libro
Language:Undetermined
Spanish
Published: Managua UNI 2003
Subjects:
LEADER 01487nam a2200265Ia 4500
008 240830s9999 xx 000 0 und d
040 |a BIBLIOTECA-RUSB/ Mon 629.89 B197 
041 |a spa 
082 |a Mon 629.89 B197 
100 1 |a Baltodano Baltodano, Cristian Federic 
245 1 0 |a Teoría y práctica para un sistema mínimo de automatización habitacional asistido por computadora 
260 |a Managua  |b UNI  |c 2003 
300 |a 73 p. :il. 
502 |a Tesis (Ingeniero en Computación) - UNI, 2003. 
520 3 |a Presenta el control automático de una casa de habitación por computadora, específicamente en el control de distintos componentes de una casa tales como aparatos eléctricos. Se pretende mostrar como a través de una computadora se logra encender y apagar distintos elementos comunes inmersos en una vivienda, entre los cuales podemos destacar luces, alarmas, televisores, equipos musicales, etc. Y además poder controlar el abrir y el cerrar de puertas tales como la puerta del garaje o la puerta de acceso principal a la casa. 
650 7 |a CONTROL POR COMPUTADORA - HABITACIONAL 
650 7 |b  SISTEMAS DE AUTOMATIZACION HABITACIONAL - COMPUTADORA 
650 7 |c  SISTEMAS DE CONTROL COMPUTARIZADO 
650 7 |d  CIRCUITO ELECTRONICO 
650 7 |e  MANUAL TECNICO - SOFTWARE EASY HOME 
650 7 |f  MANUAL DEL USUARIO SOFTWARE EASY HOME 
700 1 |a Tutor:  |b Zepeda Palacios, Humberto Francisco 
942 |c BK  |2 ddc 
991 |a TESIS 
999 |c 20531